| 000 | 00833nam a22002057a 4500 | ||
|---|---|---|---|
| 999 |
_c19514 _d19514 |
||
| 003 | AR-CdUCM | ||
| 008 | 190517b ||||| |||| 00| 0 spa d | ||
| 040 |
_aMUNICIPALIDAD PROVINCIAL DEL CUSCO _cBIBLIOTECA MUNICIPAL DEL CUSCO |
||
| 082 |
_a344.5 / _bC36 |
||
| 100 |
_aCatacora Gonzales, Manuel S _940889 |
||
| 245 | _aDel folklore al delito / | ||
| 260 |
_aArequipa : _bUniversidad Nacional de San Agustin, |
||
| 300 |
_a95 paginas ; _c22 cm. |
||
| 505 | _aContenido: El folklore y los delitos contra la vida el cuerpo y la salud -- Su mito, las supersticiones y la brujeria y sus repercusiones en el campo penal -- El folklore en los delitos contra las buenas costumbres y la familia... | ||
| 650 |
_aFolklore _91081 |
||
| 650 |
_aDelito _95138 |
||
| 650 |
_aHistoria _9136 |
||
| 942 |
_2ddc _cLIBROS |
||
| 945 |
_apjha _d2019-05-17 |
||